| 000 | 00543 a2200169 4500 | ||
|---|---|---|---|
| 003 | NUST | ||
| 005 | 20251022121853.0 | ||
| 040 | _cNust | ||
| 082 | _a621.382,FAR | ||
| 100 |
_aFareed, NC Amber (TE-43-A) _9131421 |
||
| 245 |
_aDesign and implementation of a hardware platform for wireless sensor networks / _cNC Amber Fareed, PC Sehrish Akram ,Nc Shaleem David and NC Shah Nawaz Anjum |
||
| 260 |
_aRawalpindi _bMCS _cJune 2010 |
||
| 300 | _avii, 50 p.; | ||
| 650 |
_aUG EE Projects _9131422 |
||
| 651 |
_aTE-43-A _9131423 |
||
| 942 |
_cPR _2ddc |
||
| 999 |
_c188657 _d188657 |
||